The bald facts
| Main Author: | |
|---|---|
| Format: | Book |
| Published: |
Singapore Kuala Lumpur :
Times Books International ,
c1991
|
| Subjects: |
MARC
| LEADER | 00000cam a2200000 7i4500 | ||
|---|---|---|---|
| 001 | 0000008949 | ||
| 005 | 20030128093000.0 | ||
| 008 | 021119s1991 | ||
| 020 | |a 9812042628 | ||
| 090 | 0 | 0 | |a RL155 |b .L5 1991 |
| 100 | 0 | |a Lim, Kah-Beng , |e author | |
| 245 | 1 | 4 | |a The bald facts |c by Lim Kah-Beng |
| 260 | 2 | |a Singapore |a Kuala Lumpur : |b Times Books International , |c c1991 | |
| 300 | |a 104 p. ; |c 22 cm. | ||
| 504 | |a Includes index references | ||
| 650 | 0 | |a Baldness | |
| 999 | |a 1000036640 |b Book |c OPEN SHELF (30 DAYS) |e Gong Badak Campus | ||